00642nam a2200193Ia 4500952013300000999001700133003000400150005001700154008004100171020001800212040000900230082001800239100002200257245005100279260005500330300000900385650001200394942004200406 00102ddc40708PHYSICSaMESbMEScPHYd2019-02-20g225.00l0o539.72 KHA/Ip27102r2019-02-20 00:00:00w2019-02-20yBKzGL14R3 c33800d33800OSt20200826102640.0190216s9999||||xx |||||||||||||| ||und|| a9788120312685 coclc a539.72bKHA/I aKhanna, M P94348 0aIntroduction To Particle Physics /cM P Khanna bPrentice Hall Of India Pvt Ltd,c2002.aNew Delhi: a297p aPhysics cBK2ddch539.72iKHA/Ik539.72mKHA/I